| 000 | 00630nam a2200193 a 4500 | ||
|---|---|---|---|
| 005 | 20251024063924.0 | ||
| 008 | 991125s1992 mx 000 0 spa u | ||
| 020 | _a9682947200 | ||
| 035 | _aUPN01000014947 | ||
| 049 | _aLT | ||
| 050 | 4 |
_aLB1585 M6 _bC3.2 LE |
|
| 100 | 1 |
_aCandela, Antonia _932625 |
|
| 245 | 0 | 0 |
_aDialogar y descubrir : _bciencias naturales : cuaderno de trabajo : nivel III / _cAntonia Candela, Jaime González. |
| 260 |
_aMéxico : _bCONAFE, _c1992. |
||
| 300 |
_a217 p. : _bil. |
||
| 650 | 4 |
_aCiencias naturales _xEstudio y enseñanza (Elemental) _92812 |
|
| 700 | 1 |
_aGonzález, Jaime, _ecoaut. |
|
| 905 | _aLibro | ||
| 999 |
_c14947 _d14947 |
||